| Tag |
First Indicator |
Second Indicator |
Subfields |
| LEADER |
00000cam a2200000 i 4500 |
| 001 |
in00005611621 |
| 003 |
OCoLC |
| 005 |
20250926184602.5 |
| 008 |
230730s2024 oncc 000 j eng |
| 035 |
|
|
|a (OCoLC)1391435264
|
| 040 |
|
|
|a NLC
|b eng
|e rda
|c NLC
|d CDX
|d C#P
|
| 020 |
|
|
|a 9781487012403
|q (softcover)
|
| 020 |
|
|
|a 1487012403
|q (softcover)
|
| 050 |
|
4 |
|a PR9199.4.R35
|b P43 2024
|
| 055 |
|
0 |
|a PS8635.A454
|b P43 2024
|
| 082 |
0 |
|
|a 819.32
|2 23
|
| 100 |
1 |
|
|a Rajagopalan, Deepa,
|e author.
|
| 245 |
1 |
0 |
|a Peacocks of Instagram :
|b stories /
|c Deepa Rajagopalan
|
| 264 |
|
1 |
|a Toronto :
|b Astoria,
|c 2024.
|
| 300 |
|
|
|a 245 pages :
|b portrait ;
|c 18 cm.
|
| 336 |
|
|
|a text
|b txt
|2 rdacontent
|
| 337 |
|
|
|a unmediated
|b n
|2 rdamedia
|
| 338 |
|
|
|a volume
|b nc
|2 rdacarrier
|
| 505 |
0 |
|
|t Peacocks of Instagram --
|t Cake --
|t Whatever happened, happened for the good --
|t Live-in --
|t A thing with many legs --
|t Rahel --
|t Maths club --
|t Driving lessons --
|t Surya, listen! --
|t Morningside --
|t The many homes of Kanmani --
|t Bow wow --
|t Singing for the gods --
|t Bestsellers.
|
| 520 |
|
|
|a In these brilliant and witty stories, Deepa Rajagopalan centers a cast of Indian women who are flawed, enterprising and filled with desire. In the award-winning title story, an underappreciated server in a coffee shop attracts tens of thousands of followers on social media with her peacock accessories. A hotel housekeeper up against a world of gender and class inequality quietly gets revenge on her chauvinist boss. A young woman navigates the landscape of loneliness after abruptly leaving her home in India by learning to drive over it. An eight-year-old finds her entire life uprooted when her mother needs a new kidney. A fiercely independent engineer does not decamp to the sidelines of an affair but takes up space, living her life as variously as possible. Peacocks of Instagram deftly questions what it means to be safe, to survive and to call a place home. With an intense awareness of privilege and the lack of it, these fourteen subtle and affecting stories explore and indulge in the imperfection of the human condition.
|
| 650 |
|
0 |
|a Short stories, Canadian
|y 21st century.
|
| 650 |
|
0 |
|a Women, East Indian
|v Fiction.
|
| 945 |
|
|
|b 274227
|
| 947 |
|
|
|a A14851352188
|
| 948 |
|
|
|a dmitchel 9/26/25 1.44.28
|
| 980 |
|
|
|b print
|c 40032498369
|g 565725
|k USD
|m 14.39
|q 1
|s AcqMono Conventional
|t Approval plan
|u Vendor order reference number
|v ZYBP
|y Print approval
|z Physical resource
|
| 999 |
f |
f |
|i e2f28ec3-2829-4e78-a1a0-eed64b253445
|s 96ec817e-f785-459a-ba20-5d4d3a423750
|t 0
|
| 952 |
f |
f |
|p normal
|a Texas A&M University
|b College Station
|c Sterling C. Evans Library
|d Evans: Library Stacks
|t 0
|e PR9199.4.R35 P43 2024
|h Library of Congress classification
|i unmediated -- volume
|m A14851352188
|
| 998 |
f |
f |
|a PR9199.4.R35 P43 2024
|t 0
|l Evans: Library Stacks
|